| 000 | 00651nam a22001937a 4500 | ||
|---|---|---|---|
| 999 |
_c172013 _d172013 |
||
| 005 | 20200124153157.0 | ||
| 010 | _aUR-10680 | ||
| 020 |
_c200.00 _a- |
||
| 035 | _aU-9235 | ||
| 037 |
_bDBAD/PUB _a- |
||
| 082 | _a921.844 | ||
| 100 | _aمر تبہ:ش کا ف نظا م | ||
| 245 |
_aبھيڑ ميں ا کيلا _cمر تبہ:ش کا ف نظا م |
||
| 246 |
_bBheed Main Akela (Urdu) _aCompiled by Sheen Kaaf Nizam |
||
| 260 |
_aRajisthan _bRajisthan Urdu Academy _c2001 ء |
||
| 270 |
_aJ-3,Subhash Marg,"C"Scheme, _bJaipur _e302001 _k0141382664 _l- |
||
| 300 |
_a288 ص _c22 Cm(Hb) |
||
| 942 |
_2ddc _cUR _h921.844 _mش ک ا |
||